00479nam a2200193 a 4500001001300000003000900013005001700022008004100039020001000080082001800090100001700108245002600125260004400151300000900195500003500204505001000239650001900249700001700268nice12345678IN_TiNIC20260116011728.0050524s1969 boma grp 000 0 eng  ac10000a230.0954bSIN aSingh, Bakht aGod`s Dwelling Place. aBombaybGospel Literature Servicec1969 a154p aincludes index and biblioraphy2 aIndex aTheology-India1 aSingh, Bakht